[Event "Titled Tuesday intern op 01st Apr Late"]
[Site "Chess.com INT"]
[Date "2025.04.01"]
[Round "4"]
[White "Buzbuchi, Ionut"]
[Black "Dias, Simao Poscidonio"]
[Result "1-0"]
[WhiteElo "2034"]
[BlackElo "2105"]
[PlyCount "109"]
[EventDate "2025.04.01"]
[EventType "swiss (blitz)"]
[EventRounds "11"]
[EventCountry "USA"]
[SourceTitle "CB15_2025"]
[SourceDate "2025.04.09"]
[SourceVersion "1"]
[SourceVersionDate "2025.04.09"]
[SourceQuality "1"]

1. e4 c5 2. Nc3 Nc6 3. Bb5 Nd4 4. Bc4 e6 5. Nge2 Nxe2 6. Qxe2 Qc7 7. 0-0 a6 8. a4 d6 9. d3 Be7 10. f4 Nf6 11. f5 0-0 12. g4 h6 13. h4 d5 14. exd5 exf5 15. gxf5 Qg3+ 16. Qg2 Qxh4 17. Ne4 Nxe4 18. dxe4 Bf6 19. c3 Re8 20. Bf4 Be5 21. Bxe5 Rxe5 22. Rae1 Bd7 23. Bd3 Rae8 24. Qh2 Qxh2+ 25. Kxh2 Bxa4 26. Kg3 c4 27. Bb1 Bd7 28. Kf4 f6 29. Rg1 Kf7 30. Ref1 b5 31. Rg6 R8e7 32. Rfg1 Kf8 33. Bc2 Bc8 34. Ra1 Bb7 35. Rag1 Rd7 36. R6g3 Rde7 37. Ra1 Kg8 38. Rag1 Kh7 39. Rg6 Bc8 40. Rh1 Bd7 41. Rhg1 Be8 42. R6g2 g5+ 43. fxg6+ Kg7 44. Rg3 Bd7 45. Rh1 f5 46. exf5 Re2 47. Bb1 Kf6 48. Rf3 Kg7 49. Kg3 Kf6 50. Rxh6 Kg5 51. Rh7 Be8 52. Rxe7 Rxe7 53. f6 Rc7 54. f7 Bxf7 55. gxf7 1-0

[Event "Titled Tuesday intern op 01st Apr Late"]
[Site "Chess.com INT"]
[Date "2025.04.01"]
[Round "5"]
[White "Dias, Simao Poscidonio"]
[Black "Ehlvest, Jaan"]
[Result "0-1"]
[WhiteElo "2105"]
[BlackElo "2532"]
[PlyCount "90"]
[EventDate "2025.04.01"]
[EventType "swiss (blitz)"]
[EventRounds "11"]
[EventCountry "USA"]
[SourceTitle "CB15_2025"]
[SourceDate "2025.04.09"]
[SourceVersion "1"]
[SourceVersionDate "2025.04.09"]
[SourceQuality "1"]

1. d4 f5 2. Nf3 e6 3. g3 Nf6 4. Bg2 d5 5. Bg5 Be7 6. 0-0 0-0 7. c4 c6 8. cxd5 exd5 9. Bxf6 Bxf6 10. e3 Nd7 11. b4 a6 12. Nbd2 Be7 13. Qb3 Bd6 14. a4 Qe7 15. h4 Bxb4 16. Rfb1 a5 17. Nf1 g6 18. N1h2 Kg7 19. Ng5 h6 20. Ngf3 Bd6 21. Ne1 Nf6 22. Nd3 g5 23. Nf3 Ng4 24. Bh3 f4 25. exf4 gxf4 26. Re1 Qc7 27. Nde5 Nxe5 28. dxe5 Bb4 29. Bxc8 Raxc8 30. Re2 fxg3 31. fxg3 Qf7 32. Rf1 Rce8 33. Kg2 Qg6 34. Qe3 Kh7 35. Qb6 Rg8 36. Qf2 Ref8 37. Kh2 Bc5 38. Qg2 d4 39. e6 d3 40. Rd2 Qxe6 41. Rxd3 Bd6 42. Nd4 Qg4 43. Rxf8 Rxf8 44. Ne2 Qxh4+ 45. Kg1 Bc5+ 0-1

[Event "Titled Tuesday intern op 01st Apr Late"]
[Site "Chess.com INT"]
[Date "2025.04.01"]
[Round "1"]
[White "Dias, Simao Poscidonio"]
[Black "Papasimakopoulos, Alexandros"]
[Result "0-1"]
[WhiteElo "2105"]
[BlackElo "2380"]
[PlyCount "56"]
[EventDate "2025.04.01"]
[EventType "swiss (blitz)"]
[EventRounds "11"]
[EventCountry "USA"]
[SourceTitle "CB15_2025"]
[SourceDate "2025.04.09"]
[SourceVersion "1"]
[SourceVersionDate "2025.04.09"]
[SourceQuality "1"]

1. d4 e6 2. e4 d5 3. e5 c5 4. c3 Nc6 5. Nf3 Bd7 6. Be2 f6 7. 0-0 fxe5 8. dxe5 Qc7 9. Bf4 Nh6 10. h3 Nf7 11. Re1 Be7 12. Na3 a6 13. Nc2 0-0-0 14. b4 g5 15. Bg3 h5 16. b5 axb5 17. Bxb5 g4 18. Nh4 Rdg8 19. Qe2 gxh3 20. a4 Bxh4 21. Bxh4 Rxg2+ 22. Kh1 Qxe5 23. Qxe5 Ncxe5 24. Rxe5 Nxe5 25. Bf6 Nf3 26. Bxd7+ Kxd7 27. Be5 Nxe5 28. Ne3 Rhg8 0-1

[Event "Titled Tuesday intern op 01st Apr Late"]
[Site "Chess.com INT"]
[Date "2025.04.01"]
[Round "6"]
[White "Garcia, Angie"]
[Black "Dias, Simao Poscidonio"]
[Result "0-1"]
[WhiteElo "1992"]
[BlackElo "2105"]
[PlyCount "54"]
[EventDate "2025.04.01"]
[EventType "swiss (blitz)"]
[EventRounds "11"]
[EventCountry "USA"]
[SourceTitle "CB21_2025"]
[SourceDate "2025.05.21"]
[SourceVersion "1"]
[SourceVersionDate "2025.05.21"]
[SourceQuality "1"]

1. e4 c5 2. Nf3 g6 3. c3 Bg7 4. d4 cxd4 5. cxd4 d5 6. e5 Nh6 7. Bd3 0-0 8. Nc3 Bg4 9. h3 Bxf3 10. Qxf3 e6 11. 0-0 Nc6 12. Be3 f6 13. Qg3 fxe5 14. Bxh6 Bxh6 15. Bxg6 Bf4 16. Qg4 Kh8 17. Bh5 Nxd4 18. Qd1 Qg5 19. g4 Rg8 20. Bf7 Rg7 21. Bxe6 Nxe6 22. Qxd5 Nd4 23. Qg2 Qg6 24. Ne4 h5 25. f3 Rc8 26. Rac1 Rgc7 27. Rxc7 Rxc7 0-1

[Event "Titled Tuesday intern op 18th Mar Late"]
[Site "Chess.com INT"]
[Date "2025.03.18"]
[Round "5"]
[White "Bhatia, Kanishka"]
[Black "Dias, Simao Poscidonio"]
[Result "0-1"]
[WhiteElo "2012"]
[BlackElo "2105"]
[PlyCount "118"]
[EventDate "2025.03.18"]
[EventType "swiss (blitz)"]
[EventRounds "11"]
[EventCountry "USA"]
[SourceTitle "CB13_2025"]
[SourceDate "2025.03.26"]
[SourceVersion "1"]
[SourceVersionDate "2025.03.26"]
[SourceQuality "1"]

1. d4 Nf6 2. Nf3 d5 3. c4 c6 4. Nc3 Bf5 5. cxd5 Nxd5 6. Nxd5 Qxd5 7. e3 Nd7 8. Be2 e6 9. 0-0 Bd6 10. b3 h5 11. Bd2 a5 12. Bc4 Qe4 13. Rc1 h4 14. h3 Bg6 15. Ne1 Qf5 16. f3 Qf6 17. e4 Qxd4+ 18. Kh1 0-0-0 19. Qe2 Bc7 20. Nc2 Qe5 21. f4 Qxe4 22. Qf2 Bb6 23. Be3 Bxe3 24. Nxe3 Nf6 25. Rfe1 Qd4 26. Red1 Qb6 27. f5 Bxf5 28. Qf4 Qc7 29. Qf2 Ne4 30. Qf3 Ng3+ 31. Kg1 Be4 32. Qf2 Bg6 33. Ng4 Rxd1+ 34. Rxd1 Kb8 35. Qd4 Rc8 36. Ne5 b5 37. Bf1 Nf5 38. Qd7 Kb7 39. Qxc7+ Rxc7 40. Nxg6 fxg6 41. Bd3 Ne7 42. Re1 e5 43. Rxe5 Nd5 44. Re6 g5 45. Bc2 Kb6 46. Re8 Nb4 47. Bb1 Nd5 48. Kh2 Rf7 49. Rg8 Nf4 50. Be4 Re7 51. Bf3 Re3 52. Rf8 Re5 53. Rf7 Rc5 54. Rxg7 Nd3 55. Rxg5 Rxg5 56. Kg1 Ne5 57. Kf2 Nxf3 58. Kxf3 Rg3+ 59. Kf2 a4 0-1

[Event "Titled Tuesday intern op 18th Mar Late"]
[Site "Chess.com INT"]
[Date "2025.03.18"]
[Round "11"]
[White "Dias, Simao Poscidonio"]
[Black "Caku, Kler"]
[Result "0-1"]
[WhiteElo "2105"]
[BlackElo "2036"]
[PlyCount "48"]
[EventDate "2025.03.18"]
[EventType "swiss (blitz)"]
[EventRounds "11"]
[EventCountry "USA"]
[SourceTitle "CB13_2025"]
[SourceDate "2025.03.26"]
[SourceVersion "1"]
[SourceVersionDate "2025.03.26"]
[SourceQuality "1"]

1. d4 d5 2. Nf3 e6 3. c4 Nf6 4. Nc3 a6 5. Bg5 Be7 6. e3 h6 7. Bh4 Nbd7 8. cxd5 exd5 9. Rc1 c6 10. Bd3 0-0 11. 0-0 Re8 12. a3 Ne4 13. Bxe7 Qxe7 14. Bxe4 dxe4 15. Nd2 Nf6 16. h3 Bf5 17. Nc4 Nd5 18. Ne5 Qg5 19. Kh1 Rad8 20. Nxd5 Rxd5 21. Rc5 Rexe5 22. Rc3 Re6 23. Qb3 Rg6 24. Rg1 Bxh3 0-1

[Event "Titled Tuesday intern op 18th Mar Late"]
[Site "Chess.com INT"]
[Date "2025.03.18"]
[Round "2"]
[White "Dias, Simao Poscidonio"]
[Black "Di Berardino, Diego Rafael"]
[Result "0-1"]
[WhiteElo "2105"]
[BlackElo "2457"]
[PlyCount "96"]
[EventDate "2025.03.18"]
[EventType "swiss (blitz)"]
[EventRounds "11"]
[EventCountry "USA"]
[SourceTitle "CB13_2025"]
[SourceDate "2025.03.26"]
[SourceVersion "1"]
[SourceVersionDate "2025.03.26"]
[SourceQuality "1"]

1. e4 c5 2. Nf3 b6 3. d4 cxd4 4. Nxd4 Bb7 5. Bd3 Nc6 6. Be3 e6 7. 0-0 Nf6 8. c4 Nxd4 9. Bxd4 Nxe4 10. Bxe4 Bxe4 11. Qg4 Bg6 12. Nc3 f6 13. Rad1 Be7 14. h4 0-0 15. h5 Bf5 16. Qf3 h6 17. Rfe1 Qc7 18. b3 a6 19. Be3 Bb4 20. Bf4 Qc6 21. Qg3 Kh7 22. Re2 d5 23. Red2 e5 24. Nxd5 Bxd2 25. Bxd2 Rae8 26. Qf3 Bc8 27. Be3 Bb7 28. Bxb6 Qxb6 29. Nxb6 Bxf3 30. gxf3 Rd8 31. Nd5 Rf7 32. Kf1 Rd6 33. Ke2 f5 34. Ke3 Re6 35. b4 e4 36. f4 Rb7 37. a3 Rc6 38. Kd4 Kg8 39. c5 Kf7 40. Kc4 Ke6 41. Rg1 Kf7 42. Ne3 Rf6 43. Nd5 Rc6 44. Ne3 Rf6 45. Nd5 Re6 46. Ne3 g6 47. Rh1 Kg7 48. Rg1 Kh7 0-1

[Event "Titled Tuesday intern op 11th Mar Late"]
[Site "Chess.com INT"]
[Date "2025.03.11"]
[Round "9"]
[White "Beulen, Marcel"]
[Black "Dias, Simao Poscidonio"]
[Result "0-1"]
[WhiteElo "2359"]
[BlackElo "2105"]
[PlyCount "78"]
[EventDate "2025.03.11"]
[EventType "swiss (blitz)"]
[EventRounds "11"]
[EventCountry "USA"]
[SourceTitle "CB12_2025"]
[SourceDate "2025.03.19"]
[SourceVersion "1"]
[SourceVersionDate "2025.03.19"]
[SourceQuality "1"]

1. e4 c5 2. Nf3 g6 3. c3 Bg7 4. d4 cxd4 5. cxd4 d5 6. e5 Nh6 7. Nc3 Bg4 8. Bb5+ Nc6 9. Bxc6+ bxc6 10. Bxh6 Bxh6 11. h3 Bxf3 12. Qxf3 0-0 13. Qd3 Qb6 14. b3 f6 15. exf6 exf6 16. 0-0 f5 17. Na4 Qb4 18. Rac1 Bg7 19. Rxc6 Rfe8 20. Rc5 Bxd4 21. Rxd5 Rad8 22. Rxd8 Rxd8 23. Qf3 Qa3 24. Qe2 Kg7 25. Rd1 Bf6 26. Rxd8 Bxd8 27. g3 Qc1+ 28. Kg2 Bf6 29. Qf3 Bd4 30. Qe2 Qc6+ 31. Kh2 Bf6 32. h4 h5 33. Kg1 f4 34. Qc4 Qd6 35. Kg2 fxg3 36. fxg3 Qd2+ 37. Kf3 Qd1+ 38. Ke4 Qg4+ 39. Kd5 Qd7+ 0-1

[Event "Titled Tuesday intern op 11th Mar Late"]
[Site "Chess.com INT"]
[Date "2025.03.11"]
[Round "2"]
[White "Dias, Simao Poscidonio"]
[Black "Sethuraman, Roshan"]
[Result "0-1"]
[WhiteElo "2105"]
[BlackElo "2074"]
[PlyCount "74"]
[EventDate "2025.03.11"]
[EventType "swiss (blitz)"]
[EventRounds "11"]
[EventCountry "USA"]
[SourceTitle "CB12_2025"]
[SourceDate "2025.03.19"]
[SourceVersion "1"]
[SourceVersionDate "2025.03.19"]
[SourceQuality "1"]

1. e4 c5 2. Nf3 d6 3. d4 cxd4 4. Nxd4 Nf6 5. Nc3 a6 6. a4 e5 7. Nb3 Be6 8. Be3 Be7 9. f3 d5 10. exd5 Nxd5 11. Nxd5 Qxd5 12. Qxd5 Bxd5 13. c4 Be6 14. Nc5 Bxc5 15. Bxc5 Nc6 16. 0-0-0 Na5 17. Bd6 Bxc4 18. Bxe5 0-0 19. b4 Bxf1 20. Rhxf1 Rfc8+ 21. Kb1 Nc4 22. Bb2 Ne3 23. Rfe1 Nxd1 24. Rxd1 Rd8 25. Re1 Re8 26. Rd1 Rad8 27. Rc1 Rd7 28. Bc3 f6 29. Rc2 Re3 30. Kb2 Kf7 31. Kb3 Rc7 32. b5 axb5 33. axb5 Ke6 34. Kb4 Rd7 35. Kc5 Rc7+ 36. Kd4 Re5 37. Ra2 Rd5+ 0-1

[Event "Titled Tuesday intern op 04th Mar Early"]
[Site "Chess.com INT"]
[Date "2025.03.04"]
[Round "6"]
[White "Meier, Lukas"]
[Black "Dias, Simao Poscidonio"]
[Result "0-1"]
[WhiteElo "2178"]
[BlackElo "2105"]
[PlyCount "112"]
[EventDate "2025.03.04"]
[EventType "swiss (blitz)"]
[EventRounds "11"]
[EventCountry "USA"]
[SourceTitle "CB11_2025"]
[SourceDate "2025.03.12"]
[SourceVersion "1"]
[SourceVersionDate "2025.03.12"]
[SourceQuality "1"]

1. Nf3 d5 2. c4 e6 3. g3 Be7 4. Bg2 Nf6 5. 0-0 0-0 6. e3 b6 7. Nc3 Bb7 8. cxd5 Nxd5 9. Nxd5 Bxd5 10. b3 Bf6 11. Rb1 Be4 12. Bb2 Bxb1 13. Bxf6 Qxf6 14. Qxb1 Nd7 15. Rc1 c5 16. h4 Rad8 17. b4 h6 18. d4 Rfe8 19. bxc5 bxc5 20. Qb7 cxd4 21. Nxd4 Ne5 22. Qxa7 Nd3 23. Rc2 Rc8 24. f4 Rxc2 25. Nxc2 Qc3 26. Nd4 Qe1+ 27. Kh2 Qxe3 28. Qd7 Rb8 29. f5 Ne5 30. Qd6 Ng4+ 31. Kh3 Nf2+ 32. Kh2 Rb2 33. fxe6 Ng4+ 34. Kh3 fxe6 35. Qxe6+ Qxe6 36. Nxe6 Ne3 37. Bf3 Rxa2 38. Nf4 Ra3 39. Nh5 Nf5 40. Bd5+ Kf8 41. Be4 g6 42. Bxf5 gxf5 43. Nf4 Kf7 44. Ng2 Kf6 45. Nf4 Ke5 46. Ng2 Ke4 47. Nf4 Kf3 48. Kh2 Ra2+ 49. Kh3 Ra1 50. Kh2 Ra2+ 51. Kh3 Rb2 52. h5 Ra2 53. Ng6 Ra1 54. Kh2 Kg4 55. Nf4 Ra2+ 56. Kg1 Kxg3 0-1

[Event "Titled Tuesday intern op 25th Feb Early"]
[Site "Chess.com INT"]
[Date "2025.02.25"]
[Round "7"]
[White "Dias, Simao Poscidonio"]
[Black "Hajiyev, Kanan"]
[Result "1/2-1/2"]
[WhiteElo "2105"]
[BlackElo "2188"]
[PlyCount "48"]
[EventDate "2025.02.25"]
[EventType "swiss (blitz)"]
[EventRounds "11"]
[EventCountry "USA"]
[SourceTitle "CB10_2025"]
[SourceDate "2025.03.05"]
[SourceVersion "1"]
[SourceVersionDate "2025.03.05"]
[SourceQuality "1"]

1. e4 a6 2. d4 c6 3. Bd3 d5 4. e5 c5 5. c3 Nc6 6. f4 cxd4 7. cxd4 Nxd4 8. Be3 Qa5+ 9. Nd2 Bf5 10. Bxa6 Nc2+ 11. Kf2 Qxa6 12. Rc1 Nxe3 13. Kxe3 e6 14. Ngf3 Nh6 15. h3 Qxa2 16. g4 Bg6 17. Qe2 Qa7+ 18. Nd4 Be4 19. Qb5+ Kd8 20. Ra1 Qb8 21. Qb6+ Ke8 22. Qb5+ Kd8 23. Qb6+ Ke8 24. Qb5+ Kd8 1/2-1/2

[Event "Titled Tuesday intern op 25th Feb Early"]
[Site "Chess.com INT"]
[Date "2025.02.25"]
[Round "5"]
[White "Golding, Alex"]
[Black "Dias, Simao Poscidonio"]
[Result "1/2-1/2"]
[WhiteElo "2365"]
[BlackElo "2105"]
[PlyCount "128"]
[EventDate "2025.02.25"]
[EventType "swiss (blitz)"]
[EventRounds "11"]
[EventCountry "USA"]
[SourceTitle "CB10_2025"]
[SourceDate "2025.03.05"]
[SourceVersion "1"]
[SourceVersionDate "2025.03.05"]
[SourceQuality "1"]

1. d4 d5 2. Nf3 Nf6 3. Bf4 Bf5 4. e3 c6 5. Nbd2 Nbd7 6. h3 h6 7. Be2 e6 8. 0-0 Be7 9. c4 0-0 10. c5 Ne4 11. Nxe4 Bxe4 12. b4 a6 13. a4 Bxf3 14. Bxf3 Bf6 15. Bg3 Re8 16. Rb1 e5 17. b5 axb5 18. axb5 exd4 19. exd4 Qa5 20. bxc6 bxc6 21. Rb7 Nf8 22. Bh5 Re7 23. Rxe7 Bxe7 24. Be5 Qa4 25. Qf3 f6 26. Re1 Ra7 27. Bd6 Bxd6 28. cxd6 Qb4 29. Re8 Ra1+ 30. Kh2 Qxd6+ 31. g3 Ra3 32. Qe2 g6 33. Bxg6 Kg7 34. Bf5 Ra7 35. Qh5 Re7 36. Rxf8 Kxf8 37. Qxh6+ Rg7 38. Qh8+ Kf7 39. Qh5+ Kg8 40. Qh6 Kf7 41. h4 Qe7 42. h5 Kf8 43. Bg6 Kg8 44. Qf4 Qf8 45. Qf5 Kh8 46. Kg2 Re7 47. Qf4 Qg7 48. Bf5 Re8 49. g4 Rg8 50. Qd6 Qf8 51. Qxc6 Qf7 52. Qd6 Rf8 53. Qf4 Qg7 54. Bg6 Qe7 55. Qh6+ Kg8 56. Qf4 Qg7 57. f3 Qe7 58. Qf5 Qe2+ 59. Kg3 Qe1+ 60. Kf4 Qd2+ 61. Kg3 Qe1+ 62. Kg2 Qe2+ 63. Kg1 Qe1+ 64. Kg2 Qe2+ 1/2-1/2

[Event "Titled Tuesday intern op 25th Feb Early"]
[Site "Chess.com INT"]
[Date "2025.02.25"]
[Round "8"]
[White "Manukian, Artak"]
[Black "Dias, Simao Poscidonio"]
[Result "1-0"]
[WhiteElo "2104"]
[BlackElo "2105"]
[PlyCount "111"]
[EventDate "2025.02.25"]
[EventType "swiss (blitz)"]
[EventRounds "11"]
[EventCountry "USA"]
[SourceTitle "CB10_2025"]
[SourceDate "2025.03.05"]
[SourceVersion "1"]
[SourceVersionDate "2025.03.05"]
[SourceQuality "1"]

1. e4 c5 2. Nf3 Nc6 3. c3 g6 4. d4 cxd4 5. cxd4 d5 6. exd5 Qxd5 7. Nc3 Qd8 8. d5 Nb8 9. Bb5+ Nd7 10. 0-0 Bg7 11. Re1 Ngf6 12. d6 e6 13. Bg5 0-0 14. Qd2 a6 15. Bxd7 Bxd7 16. Bh6 Rc8 17. Bxg7 Kxg7 18. Rad1 Qa5 19. Ne5 Rfd8 20. Re3 Rc5 21. f4 Nd5 22. Nxd5 Rxd5 23. Qxa5 Rxa5 24. Rb3 Ba4 25. Rxb7 Bxd1 26. Nxf7 Rf8 27. d7 Rd5 28. d8Q Rfxd8 29. Nxd8+ Kg8 30. Nxe6 Be2 31. Kf2 Bc4 32. b3 Bb5 33. Nc7 Rd2+ 34. Ke3 Rxa2 35. Nxb5 axb5 36. Rxb5 Rxg2 37. Rb8+ Kf7 38. h4 h5 39. b4 Kf6 40. Ke4 Re2+ 41. Kd5 Kf5 42. Rf8+ Kg4 43. b5 Kxh4 44. b6 Kg4 45. b7 Rb2 46. b8Q Rxb8 47. Rxb8 Kxf4 48. Kd4 h4 49. Rf8+ Kg4 50. Ke3 Kg3 51. Rg8 h3 52. Rxg6+ Kh2 53. Kf2 Kh1 54. Ra6 Kh2 55. Ra2 Kh1 56. Kg3 1-0

[Event "Titled Tuesday intern op 11th Feb Early"]
[Site "Chess.com INT"]
[Date "2025.02.11"]
[Round "6"]
[White "Dias, Simao Poscidonio"]
[Black "Chaulagain, Purushottam"]
[Result "1-0"]
[WhiteElo "2105"]
[BlackElo "1939"]
[PlyCount "51"]
[EventDate "2025.02.11"]
[EventType "swiss (blitz)"]
[EventRounds "11"]
[EventCountry "USA"]
[SourceTitle "CB08_2025"]
[SourceDate "2025.02.19"]
[SourceVersion "1"]
[SourceVersionDate "2025.02.19"]
[SourceQuality "1"]

1. d4 d5 2. Nf3 e6 3. g3 Nf6 4. Bg2 g6 5. 0-0 Bg7 6. c4 0-0 7. Nc3 c6 8. b3 Ne4 9. Bb2 Nd7 10. Qc2 Nxc3 11. Bxc3 dxc4 12. bxc4 Nb6 13. Bb2 Qc7 14. a4 Rd8 15. a5 Nd7 16. e4 c5 17. d5 Bxb2 18. Qxb2 exd5 19. exd5 Nb8 20. Rfe1 Na6 21. Qf6 Bd7 22. Re7 Rf8 23. Bh3 Rad8 24. Ne5 Nb8 25. Nxf7 Rde8 26. Nh6# 1-0

[Event "Titled Tuesday intern op 11th Feb Early"]
[Site "Chess.com INT"]
[Date "2025.02.11"]
[Round "9"]
[White "Dias, Simao Poscidonio"]
[Black "Ge, William"]
[Result "1-0"]
[WhiteElo "2105"]
[BlackElo "2205"]
[PlyCount "62"]
[EventDate "2025.02.11"]
[EventType "swiss (blitz)"]
[EventRounds "11"]
[EventCountry "USA"]
[SourceTitle "CB09_2025"]
[SourceDate "2025.02.27"]
[SourceVersion "1"]
[SourceVersionDate "2025.02.27"]
[SourceQuality "1"]

1. e4 e5 2. Nf3 Nc6 3. Bc4 Bc5 4. c3 Nf6 5. d3 d6 6. Bb3 a6 7. Nbd2 0-0 8. a4 Ba7 9. a5 Re8 10. 0-0 Be6 11. Re1 h6 12. Nf1 d5 13. exd5 Bxd5 14. Ba4 e4 15. dxe4 Bxe4 16. Bf4 Nd5 17. Bg3 Qd7 18. Ne5 Qe6 19. Rxe4 Nxe5 20. Rxe5 Bxf2+ 21. Kh1 Qxe5 22. Bxe5 Rxe5 23. Qf3 Bc5 24. Bb3 Nf6 25. Ng3 Rae8 26. Rf1 Re1 27. Qxb7 Bf2 28. Bc4 Ng4 29. Bxf7+ Kxf7 30. Qf3+ Nf6 31. Qxf2 Rxf1+ 1-0

[Event "Titled Tuesday intern op 11th Feb Early"]
[Site "Chess.com INT"]
[Date "2025.02.11"]
[Round "10"]
[White "Dias, Simao Poscidonio"]
[Black "Lopez Rayo, Isabella"]
[Result "0-1"]
[WhiteElo "2105"]
[BlackElo "2050"]
[PlyCount "38"]
[EventDate "2025.02.11"]
[EventType "swiss (blitz)"]
[EventRounds "11"]
[EventCountry "USA"]
[SourceTitle "CB09_2025"]
[SourceDate "2025.02.27"]
[SourceVersion "1"]
[SourceVersionDate "2025.02.27"]
[SourceQuality "1"]

1. e4 e5 2. Nf3 Nc6 3. Bc4 Nf6 4. d3 h6 5. c3 d6 6. Nbd2 g5 7. h3 Bg7 8. a4 d5 9. exd5 Nxd5 10. a5 Nf4 11. Ne4 Nxg2+ 12. Kf1 Nf4 13. Bxf4 exf4 14. Qb3 0-0 15. d4 Bf5 16. Nc5 b6 17. Nb7 Qc8 18. a6 Bxh3+ 19. Kg1 Qg4+ 0-1

[Event "Titled Tuesday intern op 11th Feb Early"]
[Site "Chess.com INT"]
[Date "2025.02.11"]
[Round "11"]
[White "Osiecki, Stanislaw"]
[Black "Dias, Simao Poscidonio"]
[Result "1-0"]
[WhiteElo "1987"]
[BlackElo "2105"]
[PlyCount "135"]
[EventDate "2025.02.11"]
[EventType "swiss (blitz)"]
[EventRounds "11"]
[EventCountry "USA"]
[SourceTitle "CB08_2025"]
[SourceDate "2025.02.19"]
[SourceVersion "1"]
[SourceVersionDate "2025.02.19"]
[SourceQuality "1"]

1. e4 c5 2. c3 g6 3. d4 cxd4 4. cxd4 d5 5. e5 Bg7 6. h3 Nh6 7. Nf3 0-0 8. Bd3 Nc6 9. Nc3 Bf5 10. 0-0 e6 11. Bxf5 Nxf5 12. Be3 f6 13. exf6 Bxf6 14. Rc1 Kh8 15. Ne2 Nd6 16. Nf4 Qd7 17. Nd3 Nc4 18. Nc5 Qc8 19. b3 Nxe3 20. fxe3 b6 21. Nd3 Qe8 22. Qe1 Rc8 23. Qg3 Bg7 24. Nfe5 Nxe5 25. Nxe5 Qb5 26. Qh4 Rxc1 27. Rxc1 Kg8 28. Qe7 Qe8 29. Qxa7 Bxe5 30. dxe5 Qf7 31. Qxf7+ Rxf7 32. Rc6 Ra7 33. Rxe6 b5 34. Rb6 Rxa2 35. Rxb5 Re2 36. Rxd5 Rxe3 37. b4 h5 38. Kf2 Re4 39. Rb5 Kf7 40. Kf3 Re1 41. g4 hxg4+ 42. hxg4 Ke6 43. Kf4 Rf1+ 44. Kg5 Rg1 45. Rb6+ Kxe5 46. Rxg6 Rb1 47. Rb6 Rb2 48. Rb8 Ra2 49. Re8+ Kd6 50. Kf6 Rf2+ 51. Kg6 Rf4 52. g5 Rxb4 53. Kf6 Rf4+ 54. Kg7 Kd7 55. Re1 Rf2 56. g6 Rf3 57. Kg8 Rf2 58. g7 Rh2 59. Kf7 Rf2+ 60. Kg6 Rg2+ 61. Kf7 Rf2+ 62. Kg8 Rh2 63. Re4 Kd6 64. Kf7 Rf2+ 65. Kg6 Rg2+ 66. Kf6 Kd5 67. Rf4 Kd6 68. Kf7 1-0

[Event "Titled Tuesday intern op 04th Feb Late"]
[Site "Chess.com INT"]
[Date "2025.02.04"]
[Round "2"]
[White "Azar, Sebastien"]
[Black "Dias, Simao Poscidonio"]
[Result "1-0"]
[WhiteElo "1985"]
[BlackElo "2105"]
[PlyCount "81"]
[EventDate "2025.02.04"]
[EventType "swiss (blitz)"]
[EventRounds "11"]
[EventCountry "USA"]
[SourceTitle "CB07_2025"]
[SourceDate "2025.02.12"]
[SourceVersion "1"]
[SourceVersionDate "2025.02.12"]
[SourceQuality "1"]

1. e4 c5 2. Nf3 g6 3. d4 cxd4 4. Nxd4 Nc6 5. c4 Bg7 6. Be3 Nf6 7. Nc3 0-0 8. f3 d6 9. Be2 Bd7 10. Qd2 Nxd4 11. Bxd4 Bc6 12. 0-0-0 Nd7 13. h4 h5 14. g4 Bxd4 15. Qxd4 Qa5 16. gxh5 Qxh5 17. f4 Qh6 18. Qd2 e5 19. fxe5 Qxd2+ 20. Rxd2 dxe5 21. h5 Kg7 22. hxg6 fxg6 23. Nb5 Bxb5 24. cxb5 Nf6 25. Bc4 Rh8 26. Rf1 Rad8 27. Rdf2 Rd6 28. Rg1 Rh4 29. b3 Nxe4 30. Rf7+ Kh6 31. Rxb7 Nc3 32. Rxa7 Rxc4 33. Rh1+ Kg5 34. bxc4 e4 35. c5 Rd5 36. c6 Nxb5 37. Ra5 e3 38. a4 Nc3 39. c7 Rxa5 40. c8Q Ne2+ 41. Kc2 1-0

[Event "Titled Tuesday intern op 04th Feb Late"]
[Site "Chess.com INT"]
[Date "2025.02.04"]
[Round "5"]
[White "Dias, Simao Poscidonio"]
[Black "Abdou, Ahmed Alem"]
[Result "1-0"]
[WhiteElo "2105"]
[BlackElo "2033"]
[PlyCount "127"]
[EventDate "2025.02.04"]
[EventType "swiss (blitz)"]
[EventRounds "11"]
[EventCountry "USA"]
[SourceTitle "CB07_2025"]
[SourceDate "2025.02.12"]
[SourceVersion "1"]
[SourceVersionDate "2025.02.12"]
[SourceQuality "1"]

1. e4 c6 2. d4 d5 3. Nc3 dxe4 4. Nxe4 Nf6 5. Ng5 c5 6. Bc4 e6 7. N1f3 Nc6 8. c3 a6 9. 0-0 b5 10. Bb3 cxd4 11. cxd4 h6 12. Nh3 g5 13. Ne5 Nxd4 14. Be3 Nxb3 15. Qxd8+ Kxd8 16. axb3 Ke8 17. f4 g4 18. Nf2 h5 19. Bd4 Be7 20. Nc6 Bb7 21. Nxe7 Kxe7 22. f5 Rac8 23. fxe6 fxe6 24. Rae1 Rhf8 25. Bc3 Nd5 26. Be5 Rf5 27. Nd3 Rcf8 28. Bd4 Rxf1+ 29. Rxf1 Rxf1+ 30. Kxf1 Nf6 31. g3 Bd5 32. b4 Bc4 33. Ke2 Nd5 34. Kd2 Bxd3 35. Bc5+ Kd7 36. Kxd3 Kc6 37. Ke4 Nc7 38. Ke5 a5 39. Kf6 axb4 40. Kg5 Nd5 41. Bf8 Nc3 42. Bxb4 Ne2 43. Kxh5 Kd5 44. Kxg4 Kc4 45. Bf8 Nd4 46. Bg7 Nf5 47. Be5 Ne3+ 48. Kf3 Nd5 49. h4 b4 50. h5 Ne7 51. g4 Kb3 52. Ke4 Kc2 53. Kd4 b3 54. Kc4 Nc6 55. Bf6 e5 56. h6 Kxb2 57. h7 Ka2 58. h8Q b2 59. Qh2 Ka1 60. Bxe5 Nxe5+ 61. Qxe5 Kb1 62. g5 Ka2 63. Qe2 Ka3 64. Qc2 1-0

[Event "Titled Tuesday intern op 04th Feb Late"]
[Site "Chess.com INT"]
[Date "2025.02.04"]
[Round "1"]
[White "Kovacsy, Barnabas"]
[Black "Dias, Simao Poscidonio"]
[Result "1-0"]
[WhiteElo "2263"]
[BlackElo "2105"]
[PlyCount "129"]
[EventDate "2025.02.04"]
[EventType "swiss (blitz)"]
[EventRounds "11"]
[EventCountry "USA"]
[SourceTitle "CB07_2025"]
[SourceDate "2025.02.12"]
[SourceVersion "1"]
[SourceVersionDate "2025.02.12"]
[SourceQuality "1"]

1. e4 c5 2. Nf3 d6 3. d4 cxd4 4. Nxd4 g6 5. c4 Bg7 6. Nc3 Nc6 7. Be3 Nf6 8. Be2 Bd7 9. 0-0 0-0 10. Qd2 Nxd4 11. Bxd4 Bc6 12. f3 Nd7 13. Bf2 a5 14. b3 Nc5 15. Rab1 Be5 16. a3 Ne6 17. Be3 Re8 18. Nd5 Bxd5 19. cxd5 Nc5 20. b4 Nd7 21. Bb5 axb4 22. axb4 Rf8 23. f4 Bg7 24. Ra1 Qc7 25. Rac1 Qd8 26. Qc2 Ra3 27. Bf2 Nf6 28. h3 Qa8 29. Rfd1 Ra2 30. Qd3 Nh5 31. Qf3 Qa3 32. Qxa3 Rxa3 33. Rc7 e6 34. Rxb7 Nxf4 35. Bf1 Be5 36. b5 Rb3 37. b6 exd5 38. exd5 Rc8 39. Rc7 Rb8 40. Ba6 R8xb6 41. Bxb6 Rxb6 42. Bf1 Kg7 43. Rc2 Rb3 44. Bc4 Re3 45. Kf2 Ra3 46. Bf1 h5 47. g3 Nxh3+ 48. Bxh3 Bxg3+ 49. Kg2 f5 50. Rcd2 Be5 51. Rd3 Ra2+ 52. R1d2 Ra1 53. Kf2 Kf6 54. Bg2 g5 55. Rb3 g4 56. Rb8 h4 57. Rh8 h3 58. Bxh3 gxh3 59. Rxh3 Kg5 60. Rh7 Kf4 61. Kg2 Re1 62. Rh3 Ke4 63. Ra3 Rb1 64. Ra4+ Ke3 65. Rf2 1-0